| 000 | 00741nam a2200217Ii 4500 | ||
|---|---|---|---|
| 003 | JO-AjNU | ||
| 008 | 230605s9999||||xx |||||||||||||| ||und|| | ||
| 017 | _a2006/4/828 | ||
| 040 |
_aJO-AjNU _bara _erda _cJO-AjNU |
||
| 041 | _aara | ||
| 050 | 1 | 4 | _aN352.M37 2006 |
| 100 | 3 |
_aمشعل،رياض, _eauthor _922252 |
|
| 245 | 0 | 0 | _aالمهارات الفنية للأطفال |
| 250 | _aط1 | ||
| 264 | 3 | 1 | _aعمان:دار أسامة،2006/عمان:دار المشرق،2006 |
| 300 | _a160ص | ||
| 336 |
_atext _btxt _2rdacontent |
||
| 337 |
_aunmediated _bn _2rdamedia |
||
| 338 |
_avolume _bnc _2rdacarrier |
||
| 650 | 4 |
_aالتربية الفنية-طرق التدريس. التربية الفنية-تعليم الأطفال. _922253 |
|
| 999 |
_aA7867 _c11435 _d11435 |
||